Fr. Conceicao Rodrigues College of Engineering

Artificial neural Networks (Record no. 32094)

MARC details
000 -LEADER
fixed length control field 00315nam a2200145Ia 4500
082 ## - DEWEY DECIMAL CLASSIFICATION NUMBER
Classification number 4.65
Item number YEG
100 ## - MAIN ENTRY--PERSONAL NAME
Personal name Yegnanarayana/B
245 ## - TITLE STATEMENT
Title Artificial neural Networks
260 ## - PUBLICATION, DISTRIBUTION, ETC.
Name of publisher, distributor, etc. Prentice Hall of India
Date of publication, distribution, etc. 1999
300 ## - PHYSICAL DESCRIPTION
Extent 461
546 ## - LANGUAGE NOTE
Language note ENGLISH
654 ## - SUBJECT ADDED ENTRY--FACETED TOPICAL TERMS
Focus term neural networks
942 ## - ADDED ENTRY ELEMENTS (KOHA)
Koha item type BOOK
Holdings
Withdrawn status Lost status Damaged status Not for loan Collection Home library Current library Date acquired Total Checkouts Full call number Barcode Date last seen Price effective from Koha item type
        CRC Fr. Agnel's C.Rodrigues College of Engineering Fr. Agnel's C.Rodrigues College of Engineering 17/03/2023   4.65 YEG 15402 17/03/2023 17/03/2023 BOOK
        CRC Fr. Agnel's C.Rodrigues College of Engineering Fr. Agnel's C.Rodrigues College of Engineering 17/03/2023   4.65 YEG 15403 17/03/2023 17/03/2023 BOOK